BEYOND HARVARD (Record no. 33533)

MARC details
000 -LEADER
fixed length control field 00247nam a22001217a 4500
003 - CONTROL NUMBER IDENTIFIER
control field SGT
082 ## - DEWEY DECIMAL CLASSIFICATION NUMBER
Classification number 823
Item number MCC
100 ## - MAIN ENTRY--PERSONAL NAME
Personal name MCCORMACK MARK H
245 ## - TITLE STATEMENT
Title BEYOND HARVARD
260 ## - PUBLICATION, DISTRIBUTION, ETC. (IMPRINT)
Place of publication, distribution, etc LONDON
Name of publisher, distributor, etc PBL PUB
Year of Publication 2017
300 ## - PAGE DESCRIPTION
No. of Pages 256
942 ## - ADDED ENTRY ELEMENTS (KOHA)
Source of classification or shelving scheme Dewey Decimal Classification
Koha item type Books
Holdings
Withdrawn status Lost status Source of classification or shelving scheme Damaged status Not for loan Collection code Home library Current library Shelving location Date acquired SGTU Total Checkouts Full call number Accession No. (Barcode) Date last seen Bill Date Koha item type
    Dewey Decimal Classification     MASS COMMUNICATION SGT Science & Social Sciences Library SGT Science & Social Sciences Library Text Book 27/01/2026 SGTU   823 MCC MC1353 27/01/2026 27/01/2026 Books